<?xml version="1.0" encoding="UTF-8"?>
<collection xmlns:xsi="http://www.w3.org/2001/XMLSchema-instance" xsi:schemaLocation="http://www.loc.gov/MARC21/slim http://www.loc.gov/standards/marcxml/schema/MARC21slim.xsd" xmlns="http://www.loc.gov/MARC21/slim">
 <record>
  <leader>00000cam a22000004i 4500</leader>
  <controlfield tag="001">UP-1685675941123922657</controlfield>
  <controlfield tag="003">Buklod</controlfield>
  <controlfield tag="005">20150319103135.0</controlfield>
  <controlfield tag="006">aa    rb   |||1 u|</controlfield>
  <controlfield tag="007">ta</controlfield>
  <controlfield tag="008">140326s2013    xx a    r    |000 0|eng d</controlfield>
  <datafield tag="020" ind1=" " ind2=" ">
   <subfield code="a">9789712364563</subfield>
  </datafield>
  <datafield tag="035" ind1=" " ind2=" ">
   <subfield code="a">(iLib)UPTAC-00017255162</subfield>
  </datafield>
  <datafield tag="037" ind1=" " ind2=" ">
   <subfield code="b">Rex Book Store Tacloban</subfield>
   <subfield code="c">PhP589.00</subfield>
   <subfield code="n">March 18, 2015.</subfield>
  </datafield>
  <datafield tag="040" ind1=" " ind2=" ">
   <subfield code="a">DBUS</subfield>
   <subfield code="e">rda</subfield>
   <subfield code="d">UPVTC</subfield>
  </datafield>
  <datafield tag="041" ind1=" " ind2=" ">
   <subfield code="a">eng</subfield>
  </datafield>
  <datafield tag="090" ind1=" " ind2=" ">
   <subfield code="a">KF 5625.51 S3</subfield>
   <subfield code="b">D432 2013</subfield>
  </datafield>
  <datafield tag="100" ind1="1" ind2=" ">
   <subfield code="a">De Leon, Hector S.</subfield>
   <subfield code="e">author.</subfield>
  </datafield>
  <datafield tag="245" ind1="1" ind2="4">
   <subfield code="a">The law on sales, agency, and credit transactions</subfield>
   <subfield code="c">Hector S. De Leon and Hector M. De Leon, Jr.</subfield>
  </datafield>
  <datafield tag="250" ind1=" " ind2=" ">
   <subfield code="a">2013 ed.</subfield>
  </datafield>
  <datafield tag="264" ind1=" " ind2="1">
   <subfield code="a">Manila</subfield>
   <subfield code="b">Rex Book Store</subfield>
   <subfield code="c">2013.</subfield>
  </datafield>
  <datafield tag="300" ind1=" " ind2=" ">
   <subfield code="a">xlvi, 518 pages</subfield>
  </datafield>
  <datafield tag="336" ind1=" " ind2=" ">
   <subfield code="a">text</subfield>
   <subfield code="2">rdacontent</subfield>
  </datafield>
  <datafield tag="337" ind1=" " ind2=" ">
   <subfield code="a">unmediated</subfield>
   <subfield code="2">rdamedia</subfield>
  </datafield>
  <datafield tag="338" ind1=" " ind2=" ">
   <subfield code="a">volume</subfield>
   <subfield code="2">rdacarrier</subfield>
  </datafield>
  <datafield tag="505" ind1="0" ind2=" ">
   <subfield code="a">Table of Contents: Part I. Sales (Arts. 1458-1637): Chapter 1. Nature and Form of the Contract -- Chapter 2. Capacity to Buy or Sell -- Chapter 3. Effects of the Contract When the Thing Sold Has Been Lost -- Chapter 4. Obligations of the Vendor -- Chapter 5. Obligations of the Vendee -- Chapter 6. Actions for Breach of Contract of Sale of Goods -- Chapter 7. Extinguishment of Sale -- Chapter 8. Assignment of Credits and Other Incorporeal Rights -- Chapter 9. General Provisions -- Chapter 10. Barter or Exchange -- Chapter 11. The Bulk Sales Law (Act No. 3952, as amended) -- Part II. Agency (Arts. 1868-1932): Chapter 1. Nature, Form and Kinds of Agency -- Chapter 2. Obligations of the Agent -- Chapter 3. Obligations of the Principal -- Chapter 4. Modes of Extinguishment of Agency -- Part III. Credit Transactions (Arts. 1933-2141): Introduction -- A. Loan: Chapter 1. Commodatum -- Chapter 2. Simple Loan or Mutuum -- B. Deposit: Chapter 1. Deposit in General and Its Different Kinds -- Chapter 2. Voluntary Deposit -- Chapter 3. Necessary Deposit -- Chapter 4. Sequestration or Judicial Deposit -- C. Guaranty: Chapter 1. Nature and Extent of Guaranty -- Chapter 2. Effects of Guaranty -- Chapter 3. Extinguishment of Guaranty -- Chapter 4. Legal and Judicial Bonds -- D. Pledge -- Chapter 1. Provisions Common to Pledge and Mortgage -- Chapter 2. Provisions Applicable Only to Pledge -- E. Real Mortgage -- F. Antichresis -- G. Chattel Mortgage. -- Study Guide. Answers to Study Guide.</subfield>
  </datafield>
  <datafield tag="650" ind1=" " ind2="0">
   <subfield code="a">Sales</subfield>
   <subfield code="z">Philippines.</subfield>
  </datafield>
  <datafield tag="650" ind1=" " ind2="0">
   <subfield code="a">Agency (Law)</subfield>
   <subfield code="z">Philippines.</subfield>
  </datafield>
  <datafield tag="650" ind1=" " ind2="0">
   <subfield code="a">Credit</subfield>
   <subfield code="z">Philippines.</subfield>
  </datafield>
  <datafield tag="700" ind1="1" ind2=" ">
   <subfield code="a">De Leon, Hector M.</subfield>
   <subfield code="e">author.</subfield>
  </datafield>
  <datafield tag="856" ind1="4" ind2="1">
   <subfield code="3">Table of contents only</subfield>
   <subfield code="u">https://drive.google.com/file/d/1CLxhp1bYqo27mnaBf-9W1w9wg2vbLVwZ/view?usp=sharing</subfield>
  </datafield>
  <datafield tag="905" ind1=" " ind2=" ">
   <subfield code="a">FI</subfield>
  </datafield>
  <datafield tag="852" ind1="0" ind2=" ">
   <subfield code="a">UPTAC</subfield>
   <subfield code="b">UPTAC</subfield>
   <subfield code="h">KF 5625.51 S3</subfield>
   <subfield code="i">D432 2013</subfield>
  </datafield>
  <datafield tag="942" ind1=" " ind2=" ">
   <subfield code="a">Book</subfield>
  </datafield>
 </record>
</collection>
